Normale Ansicht MARC-Ansicht ISBD

"Finanzen waren mein Leben" (Titelsatznr. 374367)

[ MARC ]
MARC-Details
000 -Satzkennung
Kontrollfeld mit fester Länge 00688nab a2200193 4500
001 - Kontrollnummer
Kontrollfeld 244442
003 - Kontrollnummer Identifier
Kontrollfeld OSt
005 - Datum und Zeit der letzten Transaktion
Kontrollfeld 20260413120941.0
007 - Feld mit fester Länge zur physischen Beschreibung - Allgemeine Information
Kontrollfeld mit fester Länge tu
008 - Feld mit fester Länge zur physischen Beschreibung - Allgemeine Angaben
Kontrollfeld mit fester Länge 260413s2020|||||||
040 ## - Katalogisierungsquelle
Original-Katalogisierungsstelle DE-2950
Übertragungsstelle DE-2950
245 00 - Titel
Titel "Finanzen waren mein Leben"
Zusatz zum Titel Personalie. Kämmerin Corinna Schubert ist nach 35 Jahren im Frankfurter Rathaus in Rente gegangen. Worauf sie zufrieden zurückblickt, was sie heute kritische sieht - und was ihr Sorgen macht/
Verfasserangabe etc. Thomas Gutke
264 ## - Produktion, Veröffentlichung, Distribution, Herstellung und Urheberrechtsvermerk
Datum der Herstellung, der Veröffentlichung, des Vertriebs oder des Urheberschutzvermerks 2026
653 ## - Indexierungsterm - Nicht normiert
Nicht-normierter Term Frankfurt (O)
653 ## - Indexierungsterm - Nicht normiert
Nicht-normierter Term Corinna Schubert
653 ## - Indexierungsterm - Nicht normiert
Nicht-normierter Term Abschied
773 0# - Übergeordnete Einheit
Verknüpfungsangaben 37. Jahrgang (2026) Nr. 78 vom 02.04.2026 , S. 16 mit Fotos
Titel Märkische Oderzeitung
942 ## - Zusätzliche Felder (Koha)
Klassifikation oder Aufstellungssystematik Andere/Generische Klassifikation
Koha-Medientyp Aufsätze
Exemplare
Ausgeschieden Verloren Klassifikation oder Aufstellungssystematik Beschädigt Nicht entleihbar Heimatbibliothek Aufenthaltsbibliothek Aufstellungsort Erwerbungsdatum Anzahl Ausleihen Signatur Letzte Aktivität Preis gültig von Koha-Medientyp
    Andere/Generische Klassifikation     Stadtarchiv Frankfurt (Oder) | Archivbibliothek Stadtarchiv Frankfurt (Oder) | Archivbibliothek Magazin 13/04/2026   Z2 13/04/2026 13/04/2026 Aufsätze